| 000 | 00493 a2200181 4500 | ||
|---|---|---|---|
| 005 | 20150702114117.0 | ||
| 008 | 150627b xxu||||| |||| 00| 0 eng d | ||
| 020 | _a9788126441396 | ||
| 080 |
_aFM _bANJ/S |
||
| 100 | _aAnjali Joseph | ||
| 245 |
_aSaraswati park _ctr.by Sheeba E.K. |
||
| 260 |
_c2013 _bD C Books _aKottayam |
||
| 300 | _a191p. | ||
| 653 | _aFiction - Malayalam literature | ||
| 653 | _aEnglish literature - Translated works | ||
| 700 | _aE.K. Sheeba; tr. by | ||
| 942 | _cBK | ||
| 999 |
_c79149 _d79148 |
||